Southville International School and Colleges
Your cart is empty.
  • Cart
  • Lists
    Public lists Eva Luna New books Lux_list list_1
    Your lists Log in to create your own lists
  • Log in to your account
  • Your cookies
  • Search history
Southville International School and Colleges
  • Advanced search
  • Recent comments
  • Most popular
  • Libraries

Log in to your account

Log in with GOOGLE


If you do not have an external account, but do have a local account, you can still log in:

  1. Home
  2. MARC view: Introduction to hospital & health-system pharmacy practice /
Normal view MARC view ISBD view

Introduction to hospital & health-system pharmacy practice / (Record no. 278909)

[ view plain ]
MARC details
000 -LEADER
fixed length control field 03143cam a22004454a 4500
001 - CONTROL NUMBER
control field 16301817
005 - DATE AND TIME OF LATEST TRANSACTION
control field 20150128114421.0
008 - FIXED-LENGTH DATA ELEMENTS--GENERAL INFORMATION
fixed length control field 100623s2010 mdua b 001 0 eng
010 ## - LIBRARY OF CONGRESS CONTROL NUMBER
LC control number 2010026851
016 7# - NATIONAL BIBLIOGRAPHIC AGENCY CONTROL NUMBER
Record control number 101534116
Source DNLM
020 ## - INTERNATIONAL STANDARD BOOK NUMBER
International Standard Book Number 9781585282371
020 ## - INTERNATIONAL STANDARD BOOK NUMBER
International Standard Book Number 978976522656
020 ## - INTERNATIONAL STANDARD BOOK NUMBER
International Standard Book Number 1585282375
035 ## - SYSTEM CONTROL NUMBER
System control number (OCoLC)ocn639162974
040 ## - CATALOGING SOURCE
Original cataloging agency DNLM/DLC
Transcribing agency DLC
Modifying agency YDX
-- NLM
-- BTCTA
-- YDXCP
-- DLC
042 ## - AUTHENTICATION CODE
Authentication code pcc
043 ## - GEOGRAPHIC AREA CODE
Geographic area code n-us---
050 00 - LIBRARY OF CONGRESS CALL NUMBER
Classification number RS 152
Item number .In58 2010
060 00 - NATIONAL LIBRARY OF MEDICINE CALL NUMBER
Classification number 2010 J-914
060 10 - NATIONAL LIBRARY OF MEDICINE CALL NUMBER
Classification number WX 179
082 00 - DEWEY DECIMAL CLASSIFICATION NUMBER
Classification number 362.17/82
245 00 - TITLE STATEMENT
Title Introduction to hospital & health-system pharmacy practice /
Statement of responsibility, etc [edited by] David A. Holdford, Thomas R. Brown.
246 3# - VARYING FORM OF TITLE
Title proper/short title Introduction to hospital and health-system pharmacy practice
260 ## - PUBLICATION, DISTRIBUTION, ETC. (IMPRINT)
Place of publication, distribution, etc Bethesda, MD :
Name of publisher, distributor, etc American Society of Health-System Pharmacists,
Date of publication, distribution, etc c2010.
300 ## - PHYSICAL DESCRIPTION
Extent xii, 404 pages :
Other physical details illustrations ;
Dimensions 26 cm.
504 ## - BIBLIOGRAPHY, ETC. NOTE
Bibliography, etc Includes bibliographical references and index.
505 0# - FORMATTED CONTENTS NOTE
Formatted contents note What is institutional pharmacy practice? / Kasey K. Thompson and Douglas J. Scheckelhoff -- Overview of the history of hospital pharmacy in the United States / William A. Zellmer -- Key legal and regulatory issues in health-system pharmacy practice / John P. Uselton ... [et al.] -- Medication management / Kathy A. Chase -- Clinical pharmacy / John E. Murphy -- Medication safety / David A. Holdford -- Medication distribution systems / Stephen F. Eckel and Fred M. Eckel -- Controlled substances management / George J. Dydek and David J. Tomich -- Electronic data management : electronic health record systems and computerized provider order entry systems / David A. Holdford, Stephen K. Huffines, and S. Trent Rosenbloom -- Informatics / James G. Stevenson, Scott R. McCreadie, and Bruce W. Chaffee -- Automation in practice / Brad Ludwig and Jack Temple -- Purchasing and inventory control / Jerrod Milton -- The basics of financial management and cost control / Andrew L. Wilson -- Sterile preparations and admixture programs / Philip J. Schneider and E. Clyde Buchanan -- Parenteral therapy / E. Clyde Buchanan -- Leadership and management / David A. Holdford -- Recruiting, selecting, and managing pharmacy personnel / David A. Holdford -- Training for careers in hospitals and health systems / Thomas P. Reinders and David A. Holdford -- Residency training / Jill S. Burkiewicz and Carrie A. Sincak.
521 ## - TARGET AUDIENCE NOTE
Target audience note Pharmacy
650 #0 - SUBJECT ADDED ENTRY--TOPICAL TERM
Topical term or geographic name as entry element Hospital pharmacies
Geographic subdivision United States.
650 12 - SUBJECT ADDED ENTRY--TOPICAL TERM
Topical term or geographic name as entry element Pharmacy Service, Hospital
Geographic subdivision United States.
700 1# - ADDED ENTRY--PERSONAL NAME
Personal name Holdford, David A.
700 1# - ADDED ENTRY--PERSONAL NAME
Personal name Brown, Thomas R.
710 2# - ADDED ENTRY--CORPORATE NAME
Corporate name or jurisdiction name as entry element American Society of Health-System Pharmacists.
856 42 - ELECTRONIC LOCATION AND ACCESS
Materials specified Contributor biographical information
Uniform Resource Identifier <a href="http://www.loc.gov/catdir/enhancements/fy1113/2010026851-b.html">http://www.loc.gov/catdir/enhancements/fy1113/2010026851-b.html</a>
856 42 - ELECTRONIC LOCATION AND ACCESS
Materials specified Publisher description
Uniform Resource Identifier <a href="http://www.loc.gov/catdir/enhancements/fy1113/2010026851-d.html">http://www.loc.gov/catdir/enhancements/fy1113/2010026851-d.html</a>
856 41 - ELECTRONIC LOCATION AND ACCESS
Materials specified Table of contents only
Uniform Resource Identifier <a href="http://www.loc.gov/catdir/enhancements/fy1113/2010026851-t.html">http://www.loc.gov/catdir/enhancements/fy1113/2010026851-t.html</a>
906 ## - LOCAL DATA ELEMENT F, LDF (RLIN)
a 7
b cbc
c orignew
d 1
e ecip
f 20
g y-gencatlg
942 ## - ADDED ENTRY ELEMENTS (KOHA)
Source of classification or shelving scheme Library of Congress Classification
Koha item type Books
Holdings
Withdrawn status Lost status Source of classification or shelving scheme Damaged status Home library Current library Shelving location Date acquired Source of acquisition Sub Shelving location Total Checkouts Total Renewals Full call number Barcode Date last seen Date checked out Price effective from Koha item type
    Library of Congress Classification   South SEED-LPDH College Library South SEED-LPDH College Library South SEED-LPDH College Section 01/28/2015 Library Fund   3 10 RS 152 .In58 2010 SSLC1371 05/03/2024 02/20/2024 01/28/2015 Books

Introduction to hospital & health-system pharmacy practice /

APA

Holdford D. A., Brown T. R. & American Society of Health-System Pharmacists. (2010). Introduction to hospital & health-system pharmacy practice. Bethesda, MD: American Society of Health-System Pharmacists.

Chicago

Holdford David A, Brown Thomas R and American Society of Health-System Pharmacists. 2010. Introduction to hospital & health-system pharmacy practice. Bethesda, MD: American Society of Health-System Pharmacists.

Harvard

Holdford D. A., Brown T. R. and American Society of Health-System Pharmacists. (2010). Introduction to hospital & health-system pharmacy practice. Bethesda, MD: American Society of Health-System Pharmacists.

MLA

Holdford David A, Brown Thomas R and American Society of Health-System Pharmacists. Introduction to hospital & health-system pharmacy practice. Bethesda, MD: American Society of Health-System Pharmacists. 2010.

  • Place hold
  • Print
  • Cite
  • Add to your cart (remove)
  • Save record
    BIBTEX Dublin Core MARCXML MARC (non-Unicode/MARC-8) MARC (Unicode/UTF-8) MARC (Unicode/UTF-8, Standard) MODS (XML) RIS
  • More searches
    Search for this title in:
    Other Libraries (WorldCat) Other Databases (Google Scholar) Online Stores (Bookfinder.com) Open Library (openlibrary.org)

Exporting to Dublin Core...

SOUTHVILLE LIBRARY

Southville International School and Colleges Library

1281 Tropical Ave. Cor. Luxembourg St., BF Homes International, Las Pinas City

Tel. No. 8256374 / 252358 Loc. 117/146

Powered by Koha